UBT Library

Marketing : (Record no. 650)

000 -LEADER
fixed length control field 00626nam a22002057a 4500
005 - DATE AND TIME OF LATEST TRANSACTION
control field 20150331054338.0
008 - FIXED-LENGTH DATA ELEMENTS--GENERAL INFORMATION
fixed length control field 030409s2004 maua b 001 0 eng
020 ## - INTERNATIONAL STANDARD BOOK NUMBER
International Standard Book Number 0072547030
080 ## - UNIVERSAL DECIMAL CLASSIFICATION NUMBER
Universal Decimal Classification number 339.138
100 1# - Rafti
Rafti Kerin, Roger A.
245 10 - TITLE STATEMENT
Title Marketing :
Statement of responsibility, etc Roger A. Kerin, Steven W. Hartley, William Rudelius.
260 ## -
-- Boston, Mass. :
-- McGraw-Hill/Irwin,
-- 2004.
300 ## -
-- 462 f.:
-- me il.;
-- 28 cm.
440 #0 -
-- McGraw-Hill/Irwin series in marketing
505 ## -
-- Index: f. 443 - 462
650 #0 -
-- Marketing
700 1# -
-- Hartley, Steven William.
700 1# -
-- Rudelius, William.
942 ## - ADDED ENTRY ELEMENTS (KOHA)
Source of classification or shelving scheme
Item type Books
Holdings
Withdrawn status Lost status Source of classification or shelving scheme Damaged status Not for loan Collection code Permanent location Current location Shelving location Date acquired Total Checkouts Full call number Date last seen Koha item type
          Koleksioni i përgjithshem UBT - Lipjan UBT - Lipjan Koleksioni i përgjithshem 03/31/2015   339.138 KER 03/31/2015 Books
UBT Library © 2015-2024. All rights reserved University Education for Business and Technology